Κυπριακές Πόλεις από Φωτογραφίες - Statistics

General Stats
  • This quiz has been taken 6 times
  • The average score is 5 of 10
Answer Stats
Picture Answer % Correct
Λευκωσία
100%
Αμμόχωστος
100%
Λεμεσός
80%
Λάρνακα
60%
Λεύκαρα
40%
Αγία Νάπα
40%
Πάφος
40%
Παραλίμνι
20%
Μόρφου
20%
Κερύνεια
0%
No matching quizzes found
Score Distribution
Percent of People with Each Score
Percentile by Number Answered
Your Score History
You have not taken this quiz